000 01091pam a2200301 a 4500
999 _c6478
_d6478
001 1143610
003 OSt
005 20200124112206.0
008 950712s1997 nyua b 000 0 eng
010 _a 95022935
020 _a0820427764 (alk. paper)
040 _aDLC
_cDLC
_dDLC
082 0 0 _a370.7
_220
_bDAR 1997
245 0 0 _aDaredevil research :
_bre-creating analytic practice /
_cedited by Janice A. Jipson & Nicholas Paley.
260 _aNew York :
_bP. Lang,
_c1997.
300 _axiii, 217 p. :
_bill. ;
_c23 cm.
490 1 _aCounterpoints ;
_vv. 21
504 _aIncludes bibliographical references.
650 0 _aEducation
_xResearch
_xPhilosophy.
_913314
650 0 _aEducation
_xResearch
_xMethodology.
_91098
650 0 _aDeconstruction.
_913315
700 1 _aJipson, Janice.
_913316
700 1 _aPaley, Nicholas.
_913317
830 0 _aCounterpoints (New York, N.Y.) ;
_vv. 21.
_913318
906 _a7
_bcbc
_corignew
_d1
_eocip
_f19
_gy-gencatlg
942 _2ddc
_cO_SHELF